Modificación de sistemas para posicionamiento con motores DC para manejo de componentes ópticos
Zapisane w:
| 1. autor: | |
|---|---|
| Kolejni autorzy: | |
| Format: | Książka |
| Język: | Spanish |
| Wydane: |
[San José], Costa Rica
2015
|
| Hasła przedmiotowe: | |
| Etykiety: |
Dodaj etykietę
Nie ma etykietki, Dołącz pierwszą etykiete!
|
MARC
| LEADER | 00000nam a22000007a 4500 | ||
|---|---|---|---|
| 003 | 012428 | ||
| 005 | 20230913134612.0 | ||
| 008 | 160726b2015 cr a|||| |||| 00| ||spa d | ||
| 040 | |c cru CEDI | ||
| 090 | |a TFG 7586 | ||
| 100 | |9 5254 |a Campos Salazar, Pablo | ||
| 245 | |a Modificación de sistemas para posicionamiento con motores DC para manejo de componentes ópticos | ||
| 260 | |a [San José], Costa Rica |c 2015 | ||
| 300 | |a ix, 43 hojas; ilustraciones | ||
| 500 | |a Proyecto de graduación (bachillerato en ingeniería eléctrica)--Universidad de Costa Rica. Facultad de Ingeniería. Escuela de Ingeniería Eléctrica | ||
| 501 | |a Profesor Guía de IE-0499 Proyecto Eléctrico: M.Sc. Luis Diego Marín Naranjo | ||
| 610 | 0 | |9 1252 |a UNIVERSIDAD DE COSTA RICA. FACULTAD DE INGENIERIA. ESCUELA DE INGENIERÍA ELECTRICA. LABORATORIO DE FOTÓNICA Y TECNOLOGÍA LÁSER APLICADA | |
| 651 | |x CONTROL ELECTRONICO |x MOTORES ELECTRICOS DE CORRIENTE CONTINUA |x TELESCOPIOS |x FOTONICA |9 5255 | ||
| 700 | |9 808 |a Marín Naranjo, Luis Diego, 1960- |d Director de Proyecto Eléctrico | ||
| 942 | |c CEDI | ||
| 999 | |c 17009 |d 17009 | ||
